A List of Trees and Shrubs of the Indore State (Record no. 584487)

MARC details
000 -LEADER
fixed length control field 00455nam a2200145Ia 4500
008 - FIXED-LENGTH DATA ELEMENTS--GENERAL INFORMATION
fixed length control field 100415s9999 xx 000 0 und d
082 ## - DEWEY DECIMAL CLASSIFICATION NUMBER
Item number 1431
Classification number 582.16(54)
100 ## - MAIN ENTRY--PERSONAL NAME
Personal name Biscoe WF
245 ## - TITLE STATEMENT
Title A List of Trees and Shrubs of the Indore State
260 ## - PUBLICATION, DISTRIBUTION, ETC. (IMPRINT)
Place of publication, distribution, etc BOMBAY
Date of publication, distribution, etc 1954
Name of publisher, distributor, etc FOREST DEPARTMENT OF STATE
365 ## - TRADE PRICE
Price amount 0
630 ## - SUBJECT ADDED ENTRY--UNIFORM TITLE
Uniform title A List of Trees and Shrubs of the Indore State
730 ## - ADDED ENTRY--UNIFORM TITLE
Uniform title A List of Trees and Shrubs of the Indore State
942 ## - ADDED ENTRY ELEMENTS (KOHA)
Koha item type Book
Holdings
Withdrawn status Lost status Damaged status Not for loan Home library Current library Date acquired Cost, normal purchase price Total Checkouts Full call number Barcode Date last seen Price effective from Koha item type
        Bombay Natural History Society Bombay Natural History Society 10/20/1997 0.00   582.16(54) 1431 BNHS-1431 04/15/2010 04/15/2010 Book